Drapeaux similaires : jaune/rouge/vert - Statistiques

Statistiques générales
  • Ce quiz a été pris 44 fois
    26 depuis la dernière actualisation
  • Le résultat moyen est 8 sur 16
Statistiques - réponses
Réponse % Correct
Guinée
100%
Mali
95%
Cameroun
90%
Sénégal
81%
Ghana
67%
Bénin
57%
Guinée-Bissau
57%
République du Congo
52%
Burkina Faso
38%
Lituanie
38%
Birmanie
29%
Mauritanie
29%
Suriname
24%
Sao Tomé-et-Principe
19%
Guyana
14%
Mozambique
10%
Aucun quiz correspondant
Distribution des résultats
% des personnes avec chaque résultat
Percentile par nombre de réponses
Votre historique - résultats
Vous n’avez pas pris ce quiz depuis la dernière actualisation